000
00443nam a2200145Ia 4500
008
100204s9999 xx 000 0 und d
082
_b
26842
100
_a
ओक सुनेत्रा
245
_a
घराबाहेर
260
_b
"अक्षता पब्लिकेशन्स, पुणे"
_c
2006-3
300
_a
240
630
_a
घराबाहेर
730
_a
घराबाहेर
942
_c
BOOK
999
_c
472021
_d
472018